00895nam a2200277Ia 450000500170000000800370001702000150005404100080006910000300007724500630010725000180017030000250018849000130021350000520022665000350027865000390031365000470035265000350039970000190043426400300045333600270048333700330051033800280054304000350057108400110060620220317001827.0170410s2004 s g 000 f s a8483102757 aspa1 aLowry, Malcolmd1909-195710aUltramarinacMalcolm Lowry ; traducción de Jaime Zulaika a1a. edición a223 páginasc21 cm aAndanzas aIncluye datos biográficos del autor en solapa142LEMBaNovela inglesaySiglo XX142LEMBaLiteratura inglesaySiglo XX142LEMBaAventuras en el mar en la literatura142LEMBaMarinos en la literatura1 aZulaika, Jaime aBarcelonabTusquetsc2004 atextobtxt2rdacontent asin mediaciónbn2rdamedia avolumenbnc2rdacarrier aCO-BoRNBPbspaerdacCO-BoRNBP aN LOW1